| 000 | 00894nmc a2200301 a 4500 | ||
|---|---|---|---|
| 003 | AR-BaBNM | ||
| 005 | 20251128205231.0 | ||
| 008 | 077019s1965 ||||||||||||||000 | spa|| | ||
| 040 | _cAR-BaBNM | ||
| 100 | 1 | _aDottrens, Robert | |
| 245 | 1 | 0 | _aNuestros hijos en la escuela |
| 260 |
_aBuenos Aires _bTroquel _c1965 |
||
| 300 | _a187 p. | ||
| 490 | 0 | _aBiblioteca El tema del hombre | |
| 500 | _aContiene referencias bibliográficas en notas a pie de página | ||
| 650 | 4 | _aEDUCACION DEL NINO | |
| 650 | 4 | _aRELACION ALUMNO-DOCENTE | |
| 650 | 4 | _aRELACION PADRES-HIJOS | |
| 650 | 4 | _aRELACION ESCUELA-ALUMNOS | |
| 650 | 4 | _aRELACIONES HUMANAS | |
| 650 | 4 | _aDISCIPLINA ESCOLAR | |
| 650 | 4 | _aAMBIENTE FAMILIAR | |
| 650 | 4 | _aAMBIENTE EDUCACIONAL | |
| 700 | 1 |
_aSouverbielle, Christina _etraductor |
|
| 800 | 1 |
_aGarcía Venturini, Jorge L. _edirector |
|
| 942 | _cBK | ||
| 998 | _csilvi | ||
| 999 |
_c10534 _d10534 |
||